[Event "ROM-chT2"]
[Site "Mamaia"]
[Date "2015.10.09"]
[Round "7.2"]
[White "Manescu, Tiberiu"]
[Black "Bach, Adrian"]
[Result "1/2-1/2"]
[WhiteElo "2384"]
[BlackElo "2183"]
[PlyCount "44"]
[EventDate "2015.10.03"]
[EventType "team-tourn"]
[EventRounds "9"]
[EventCountry "ROU"]
[SourceTitle "CBM 169 Extra"]
[Source "ChessBase"]
[SourceDate "2015.12.18"]
[SourceVersion "1"]
[SourceVersionDate "2015.12.18"]
[SourceQuality "1"]
[WhiteTeam "Resita Muncitorul"]
[BlackTeam "Cluj Napoca"]
[WhiteTeamCountry "ROU"]
[BlackTeamCountry "ROU"]

1. e4 e5 2. Nf3 Nc6 3. d4 exd4 4. Bc4 Nf6 5. e5 d5 6. Bb5 Ne4 7. Nxd4 Bd7 8. Bxc6 bxc6 9. 0-0 h6 10. f3 Ng5 11. f4 Ne4 12. Nb3 Qh4 13. f5 g6 14. fxg6 fxg6 15. Nc3 Bf5 16. Nxe4 Qxe4 17. c3 c5 18. Re1 Qd3 19. Qxd3 Bxd3 20. Be3 c4 21. Nc5 Bf5 22. b4 Bxc5 1/2-1/2

[Event "ROM-chT2"]
[Site "Mamaia"]
[Date "2015.10.03"]
[Round "1.2"]
[White "Anton, Teodor"]
[Black "Bach, Adrian"]
[Result "1-0"]
[WhiteElo "2413"]
[BlackElo "2183"]
[PlyCount "95"]
[EventDate "2015.10.03"]
[EventType "team-tourn"]
[EventRounds "9"]
[EventCountry "ROU"]
[SourceTitle "CBM 169 Extra"]
[Source "ChessBase"]
[SourceDate "2015.12.18"]
[SourceVersion "1"]
[SourceVersionDate "2015.12.18"]
[SourceQuality "1"]
[WhiteTeam "Arad Vados"]
[BlackTeam "Cluj Napoca"]
[WhiteTeamCountry "ROU"]
[BlackTeamCountry "ROU"]

1. c4 Nf6 2. Nf3 e6 3. g3 b6 4. Bg2 Bb7 5. 0-0 Be7 6. d4 d6 7. Nc3 Nbd7 8. d5 e5 9. e4 h5 10. Qe2 Nh7 11. Be3 Bc8 12. b4 h4 13. Rfc1 hxg3 14. hxg3 Ng5 15. Nxg5 Bxg5 16. Bf3 Bxe3 17. Qxe3 Nf6 18. Qg5 Rh7 19. c5 bxc5 20. bxc5 Ba6 21. Kg2 Nd7 22. Qxd8+ Kxd8 23. c6 Nc5 24. Rh1 Rxh1 25. Rxh1 Ke7 26. Rb1 Bd3 27. Rb2 a5 28. Kg1 g6 29. Bg2 f5 30. exf5 gxf5 31. Bf1 e4 32. Bxd3 exd3 33. f3 Rh8 34. a4 Kf6 35. Nb5 Rh7 36. f4 Ne4 37. Rb1 Rg7 38. Kh2 d2 39. Rd1 Rh7+ 40. Kg2 Rg7 41. Kh2 Kg6 42. Nd4 Rh7+ 43. Kg2 Nc3 44. Rxd2 Nxd5 45. Ne6 Ne3+ 46. Kf3 Re7 47. Nxc7 Rxc7 48. Rxd6+ 1-0

[Event "EU-ch 13th"]
[Site "Plovdiv"]
[Date "2012.03.29"]
[Round "9"]
[White "Bach, Adrian"]
[Black "Xylogiannopoulos, Antonios"]
[Result "0-1"]
[WhiteElo "2264"]
[BlackElo "2104"]
[PlyCount "76"]
[EventDate "2012.03.20"]
[EventType "swiss"]
[EventRounds "11"]
[EventCountry "BUL"]
[SourceTitle "CBM 148"]
[Source "ChessBase"]
[SourceDate "2012.05.16"]
[SourceVersion "1"]
[SourceVersionDate "2012.05.16"]
[SourceQuality "1"]

1. e4 e5 2. Nf3 Nc6 3. Bb5 Nd4 4. Nxd4 exd4 5. 0-0 Bc5 6. Qh5 Qe7 7. d3 Nf6 8. Qh4 c6 9. Ba4 b5 10. Bb3 d5 11. Bg5 dxe4 12. dxe4 0-0 13. Nd2 h6 14. Bxh6 gxh6 15. Qxh6 Nh7 16. Qxc6 Bd7 17. Qg6+ Kh8 18. Qh5 Qg5 19. Bxf7 Qxh5 20. Bxh5 Bc6 21. Rad1 Rad8 22. Be2 Nf6 23. Bd3 Ng4 24. Nb3 Bb6 25. h3 Ne5 26. Nd2 Bb7 27. Bxb5 Rc8 28. Rc1 d3 29. c3 a6 30. Ba4 Nc4 31. Nf3 Bxe4 32. Bb3 Bxf3 33. Bxc4 Rxc4 34. gxf3 Rxf3 35. Rcd1 Rcf4 36. Kh1 Bxf2 37. Kg2 Rg3+ 38. Kh2 Rgf3 0-1

[Event "EU-ch 13th"]
[Site "Plovdiv"]
[Date "2012.03.24"]
[Round "5"]
[White "Bach, Adrian"]
[Black "Dragomirescu, Robin Alexandru"]
[Result "0-1"]
[WhiteElo "2264"]
[BlackElo "2358"]
[PlyCount "70"]
[EventDate "2012.03.20"]
[EventType "swiss"]
[EventRounds "11"]
[EventCountry "BUL"]
[SourceTitle "CBM 148"]
[Source "ChessBase"]
[SourceDate "2012.05.16"]
[SourceVersion "1"]
[SourceVersionDate "2012.05.16"]
[SourceQuality "1"]

1. e4 e5 2. Nf3 Nc6 3. Bb5 Nf6 4. Qe2 Be7 5. c3 d6 6. 0-0 Bd7 7. d4 a6 8. Bd3 0-0 9. d5 Nb8 10. c4 c5 11. Nc3 Ne8 12. a3 g6 13. b4 b6 14. bxc5 bxc5 15. Qb2 Bc8 16. Bd2 f5 17. Rab1 Nd7 18. Na4 f4 19. Be2 g5 20. Ne1 Nef6 21. f3 Qe8 22. Nd3 g4 23. Naxc5 dxc5 24. Nxe5 Rb8 25. Qc3 Rxb1 26. Rxb1 Bd6 27. Nd3 gxf3 28. gxf3 Qg6+ 29. Kf2 Qh5 30. Rg1+ Kf7 31. Bxf4 Bxf4 32. Nxf4 Qxh2+ 33. Ng2 Ng4+ 34. fxg4 Kg8+ 35. Bf3 Ne5 0-1

[Event "EU-ch 13th"]
[Site "Plovdiv"]
[Date "2012.03.23"]
[Round "4"]
[White "Ivanov, Alexey2"]
[Black "Bach, Adrian"]
[Result "1-0"]
[WhiteElo "2424"]
[BlackElo "2264"]
[PlyCount "71"]
[EventDate "2012.03.20"]
[EventType "swiss"]
[EventRounds "11"]
[EventCountry "BUL"]
[SourceTitle "CBM 148"]
[Source "ChessBase"]
[SourceDate "2012.05.16"]
[SourceVersion "1"]
[SourceVersionDate "2012.05.16"]
[SourceQuality "1"]

1. e4 c5 2. Nf3 d6 3. d4 cxd4 4. Nxd4 Nf6 5. Nc3 a6 6. g3 e5 7. Nb3 Nbd7 8. Bg2 b5 9. a4 b4 10. Nd5 Nxd5 11. exd5 a5 12. 0-0 Be7 13. Bd2 Ba6 14. Re1 f5 15. c3 Rb8 16. cxb4 axb4 17. Qh5+ g6 18. Qh6 Kf7 19. Rac1 Nf6 20. Qe3 Bb7 21. Nd4 Qb6 22. Nxf5 Bxd5 23. Bxd5+ Nxd5 24. Qb3 gxf5 25. Qxd5+ Kf6 26. Rc6 Qd4 27. Qxd4 exd4 28. Rc7 Bd8 29. Rd7 Rb6 30. Bf4 Kg6 31. Bxd6 Bf6 32. Bc5 Ra6 33. Bxd4 Bxd4 34. Rxd4 Rxa4 35. Re6+ Kf7 36. Rb6 1-0

[Event "EU-ch 13th"]
[Site "Plovdiv"]
[Date "2012.03.22"]
[Round "3"]
[White "Bach, Adrian"]
[Black "Drenchev, Petar"]
[Result "0-1"]
[WhiteElo "2264"]
[BlackElo "2499"]
[PlyCount "66"]
[EventDate "2012.03.20"]
[EventType "swiss"]
[EventRounds "11"]
[EventCountry "BUL"]
[SourceTitle "CBM 148"]
[Source "ChessBase"]
[SourceDate "2012.05.16"]
[SourceVersion "1"]
[SourceVersionDate "2012.05.16"]
[SourceQuality "1"]

1. e4 c5 2. Nf3 d6 3. Bc4 Nf6 4. d3 Nc6 5. Nbd2 g6 6. a4 Bg7 7. 0-0 0-0 8. c3 d5 9. exd5 Nxd5 10. a5 e6 11. Nb3 Qc7 12. Bg5 Nce7 13. Qd2 Rb8 14. Rfe1 f6 15. Bxd5 Nxd5 16. Bh4 e5 17. d4 cxd4 18. cxd4 Qc4 19. Nc5 b6 20. axb6 axb6 21. Ne4 exd4 22. Bg3 f5 23. Bxb8 fxe4 24. Be5 exf3 25. Bxg7 d3 26. gxf3 Kxg7 27. Re4 Qc7 28. Qxd3 Nf6 29. Rc4 Qe5 30. Ra7+ Kg8 31. Qd2 Bh3 32. Rh4 Qf5 33. Qc1 Rc8 0-1

[Event "ROM-chT"]
[Site "Brasov"]
[Date "2011.10.16"]
[Round "9.4"]
[White "Bach, Adrian"]
[Black "Doncea, Vladimir"]
[Result "1-0"]
[WhiteElo "2270"]
[BlackElo "2384"]
[PlyCount "75"]
[EventDate "2011.10.08"]
[EventType "team-tourn"]
[EventRounds "9"]
[EventCountry "ROU"]
[SourceTitle "CBM 144 Extra"]
[Source "ChessBase"]
[SourceDate "2011.10.28"]
[SourceVersion "1"]
[SourceVersionDate "2011.10.28"]
[SourceQuality "1"]
[WhiteTeam "Lugoj"]
[BlackTeam "Bucharest Apa Nova"]
[WhiteTeamCountry "ROU"]
[BlackTeamCountry "ROU"]

1. e4 c5 2. Nf3 e6 3. d4 cxd4 4. Nxd4 Nf6 5. Nc3 Nc6 6. Ndb5 Bb4 7. a3 Bxc3+ 8. Nxc3 d5 9. exd5 exd5 10. Bd3 0-0 11. 0-0 d4 12. Ne2 Bg4 13. f3 Bh5 14. Bg5 Bg6 15. Qd2 Qd6 16. Rad1 Nh5 17. Bxg6 Qxg6 18. Bh4 Rfe8 19. Rf2 Rac8 20. Nxd4 Nxd4 21. Qxd4 Rxc2 22. Qd7 Rcc8 23. Qxb7 h6 24. Qb5 Re3 25. Rfd2 Kh7 26. Bf2 Rxf3 27. Qb7 Rc6 28. Qxa7 Rb3 29. Qd4 Rf6 30. Be3 Re6 31. Rd3 Rb5 32. b4 Re4 33. Qa7 Nf6 34. Rd8 Rbe5 35. Qa8 Qh5 36. Bf2 Ng4 37. Bg3 Rf5 38. Qxe4 1-0

[Event "ROM-chT"]
[Site "Brasov"]
[Date "2011.10.14"]
[Round "7.5"]
[White "Bach, Adrian"]
[Black "Berescu, Alin Mile"]
[Result "0-1"]
[WhiteElo "2270"]
[BlackElo "2495"]
[PlyCount "53"]
[EventDate "2011.10.08"]
[EventType "team-tourn"]
[EventRounds "9"]
[EventCountry "ROU"]
[SourceTitle "CBM 144 Extra"]
[Source "ChessBase"]
[SourceDate "2011.10.28"]
[SourceVersion "1"]
[SourceVersionDate "2011.10.28"]
[SourceQuality "1"]
[WhiteTeam "Lugoj"]
[BlackTeam "Timisoara Luxten"]
[WhiteTeamCountry "ROU"]
[BlackTeamCountry "ROU"]

1. e4 e6 2. d4 d5 3. Nd2 Nf6 4. e5 Nfd7 5. Bd3 c5 6. c3 Nc6 7. Ne2 cxd4 8. cxd4 f6 9. exf6 Nxf6 10. 0-0 Bd6 11. Nf3 Qc7 12. Nc3 a6 13. Be3 0-0 14. Rc1 Bd7 15. Re1 Be8 16. Ne5 Qb6 17. Qd2 Qa5 18. f4 Bxe5 19. fxe5 Ng4 20. Rf1 Rxf1+ 21. Rxf1 Qb6 22. Nxd5 exd5 23. Bf5 Ncxe5 24. Bf4 Bg6 25. Bxe5 Nxe5 26. Qf4 Bxf5 27. Qxe5 0-1

[Event "EU-ch 11th"]
[Site "Rijeka"]
[Date "2010.03.16"]
[Round "10"]
[White "Bach, Adrian"]
[Black "Butnorius, Algimantas"]
[Result "0-1"]
[WhiteElo "2251"]
[BlackElo "2437"]
[PlyCount "56"]
[EventDate "2010.03.06"]
[EventType "swiss"]
[EventRounds "11"]
[EventCountry "CRO"]
[SourceTitle "CBM 136"]
[Source "ChessBase"]
[SourceDate "2010.05.18"]
[SourceVersion "1"]
[SourceVersionDate "2010.05.18"]
[SourceQuality "1"]

1. e4 e5 2. Nf3 Nc6 3. Bb5 a6 4. Ba4 Nf6 5. 0-0 Be7 6. Re1 b5 7. Bb3 d6 8. c3 0-0 9. h3 Nb8 10. d4 Nbd7 11. Nh4 Nb6 12. Nf5 Bxf5 13. exf5 exd4 14. cxd4 c5 15. Nd2 Re8 16. Nf3 c4 17. Bc2 Nbd5 18. g4 h6 19. g5 hxg5 20. Nxg5 Rc8 21. Kh1 Bf8 22. Rxe8 Qxe8 23. Bd2 Qc6 24. Kh2 c3 25. bxc3 Nxc3 26. Bxc3 Qxc3 27. Ne4 Nxe4 28. Bxe4 Be7 0-1

[Event "EU-ch 11th"]
[Site "Rijeka"]
[Date "2010.03.11"]
[Round "6"]
[White "Bach, Adrian"]
[Black "Petre, Nad Titus"]
[Result "0-1"]
[WhiteElo "2251"]
[BlackElo "2410"]
[PlyCount "64"]
[EventDate "2010.03.06"]
[EventType "swiss"]
[EventRounds "11"]
[EventCountry "CRO"]
[SourceTitle "CBM 136"]
[Source "ChessBase"]
[SourceDate "2010.05.18"]
[SourceVersion "1"]
[SourceVersionDate "2010.05.18"]
[SourceQuality "1"]

1. e4 d5 2. exd5 Qxd5 3. Nc3 Qd6 4. d4 Nf6 5. Bc4 c6 6. Bg5 Bf5 7. f3 b5 8. Bb3 a5 9. a4 b4 10. Nce2 Nd5 11. Qd2 h5 12. Ng3 g6 13. Ne4 Qc7 14. c4 bxc3 15. bxc3 Nd7 16. c4 N5f6 17. Qc3 Bxe4 18. fxe4 e5 19. 0-0-0 Ng4 20. Qg3 Qb8 21. dxe5 Nc5 22. Rd8+ Qxd8 23. Bxd8 Rxd8 24. Bc2 Bh6+ 25. Kb1 Rb8+ 26. Ka1 Ne3 27. Qf2 Rb4 28. Nf3 0-0 29. Rb1 Nxc2+ 30. Qxc2 Rxa4+ 31. Kb2 Rb8+ 32. Kc3 Ra3+ 0-1

[Event "EU-ch 11th"]
[Site "Rijeka"]
[Date "2010.03.08"]
[Round "3"]
[White "Klasan, Elvis"]
[Black "Bach, Adrian"]
[Result "0-1"]
[WhiteElo "1995"]
[BlackElo "2251"]
[PlyCount "94"]
[EventDate "2010.03.06"]
[EventType "swiss"]
[EventRounds "11"]
[EventCountry "CRO"]
[SourceTitle "CBM 136"]
[Source "ChessBase"]
[SourceDate "2010.05.18"]
[SourceVersion "1"]
[SourceVersionDate "2010.05.18"]
[SourceQuality "1"]

1. e4 c5 2. Nf3 d6 3. c3 Nf6 4. Bc4 e6 5. d3 Nbd7 6. 0-0 a6 7. Re1 b5 8. Bb3 Bb7 9. Nbd2 Be7 10. Nf1 0-0 11. Ng3 Qc7 12. Bc2 Rac8 13. Bf4 Rfe8 14. Qd2 Bf8 15. Rad1 e5 16. Bg5 h6 17. Be3 Ng4 18. Nf5 Kh7 19. h3 Nxe3 20. Nxe3 Nf6 21. b3 g6 22. c4 Bg7 23. Nd5 Nxd5 24. exd5 f5 25. Nh2 Bf6 26. g3 Re7 27. f3 Rf8 28. Re2 Bc8 29. Rde1 Rg7 30. Rg2 b4 31. Kh1 e4 32. Qd1 Bc3 33. Ree2 f4 34. Rxe4 Bxh3 35. gxf4 Bxg2+ 36. Kxg2 h5 37. d4 Bxd4 38. Qe2 Qd8 39. Nf1 Rxf4 40. Rxf4 Qg5+ 41. Ng3 Qxf4 42. Nxh5 Qg5+ 43. Ng3 Re7 44. Be4 Be5 45. f4 Bxf4 46. Qh5+ Kg7 47. Qxg5 Bxg5 0-1

[Event "ROM-ch"]
[Site "Amara"]
[Date "2007.02.21"]
[Round "7"]
[White "Ardelean, George Catalin"]
[Black "Bach, Adrian"]
[Result "1-0"]
[WhiteElo "2464"]
[BlackElo "2273"]
[PlyCount "68"]
[EventDate "2007.02.16"]
[EventType "swiss"]
[EventRounds "9"]
[EventCountry "ROU"]
[SourceTitle "CBM 117 Extra"]
[Source "ChessBase"]
[SourceDate "2007.05.09"]
[SourceVersion "1"]
[SourceVersionDate "2007.05.09"]
[SourceQuality "1"]

1. d4 Nf6 2. Nf3 g6 3. Nbd2 c5 4. dxc5 Na6 5. a3 Nxc5 6. b4 Ne6 7. Bb2 Bg7 8. c4 a5 9. e3 b6 10. Be2 Bb7 11. 0-0 0-0 12. Qb3 Ra7 13. Rfd1 Qa8 14. Bf1 d6 15. Nd4 Nxd4 16. Bxd4 Nd7 17. Bxg7 Kxg7 18. Qb2+ f6 19. Nb3 Rd8 20. h3 Ne5 21. Qd4 Bf3 22. Rdc1 Nc6 23. Qf4 Bh5 24. Qh4 axb4 25. axb4 Ne5 26. f4 Rxa1 27. Rxa1 Qe4 28. Nd2 Qxe3+ 29. Qf2 Qc3 30. Ra7 Nd7 31. g4 Bxg4 32. hxg4 e6 33. b5 f5 34. gxf5 gxf5 1-0

[Event "ROM-ch"]
[Site "Amara"]
[Date "2007.02.20"]
[Round "6"]
[White "Bach, Adrian"]
[Black "Berescu, Alin Mile"]
[Result "0-1"]
[WhiteElo "2273"]
[BlackElo "2510"]
[PlyCount "56"]
[EventDate "2007.02.16"]
[EventType "swiss"]
[EventRounds "9"]
[EventCountry "ROU"]
[SourceTitle "CBM 117 Extra"]
[Source "ChessBase"]
[SourceDate "2007.05.09"]
[SourceVersion "1"]
[SourceVersionDate "2007.05.09"]
[SourceQuality "1"]

1. e4 e6 2. d4 d5 3. Nc3 Nf6 4. Bg5 Be7 5. e5 Nfd7 6. h4 c5 7. Bxe7 Kxe7 8. dxc5 Nc6 9. f4 Qa5 10. Qd2 Nxc5 11. Nf3 Rd8 12. Nd4 Nxd4 13. Qxd4 Ne4 14. Rh3 Bd7 15. 0-0-0 Bc6 16. g4 Rac8 17. f5 Kf8 18. Rhd3 a6 19. f6 Bb5 20. fxg7+ Kxg7 21. Nxb5 axb5 22. Ra3 Qc7 23. Bd3 b4 24. Ra4 b3 25. axb3 Nc5 26. Ra3 Nxd3+ 27. Qxd3 Qxe5 28. Rf1 Rc6 0-1

[Event "ROM-chT div-A"]
[Site "Predeal"]
[Date "2006.11.10"]
[Round "7"]
[White "Valeanu, Eduard Andrei"]
[Black "Bach, Adrian"]
[Result "0-1"]
[WhiteElo "2361"]
[BlackElo "2274"]
[PlyCount "120"]
[EventDate "2006.11.04"]
[EventType "team-tourn"]
[EventRounds "9"]
[EventCountry "ROU"]
[SourceTitle "EXT 2007"]
[Source "ChessBase"]
[SourceDate "2006.11.23"]
[SourceVersion "1"]
[SourceVersionDate "2006.11.23"]
[SourceQuality "1"]

1. e4 e5 2. Nf3 Nc6 3. Bb5 a6 4. Bxc6 dxc6 5. 0-0 Ne7 6. Nxe5 Qd4 7. Qh5 g6 8. Qg5 Bg7 9. Nf3 Qxe4 10. Re1 Qb4 11. c3 Qd6 12. d4 h6 13. Qe3 Be6 14. Nbd2 b6 15. Ne4 Qd5 16. Bd2 0-0-0 17. b3 Qd7 18. Qe2 Kb7 19. Ne5 Bxe5 20. dxe5 Bf5 21. Bc1 Qd3 22. Qxd3 Rxd3 23. Ba3 c5 24. c4 Nc6 25. Ng3 Be6 26. Bb2 Rhd8 27. Nf1 Nb4 28. Rec1 a5 29. Bc3 Nc6 30. Ne3 a4 31. Kf1 axb3 32. axb3 Nd4 33. Ra3 Nxb3 34. Rc2 Nd2+ 35. Rxd2 Rxd2 36. Bxd2 Rxd2 37. Rc3 Rd4 38. Ke2 Re4 39. Kd3 Rxe5 40. g4 f5 41. gxf5 gxf5 42. Rc1 Re4 43. Rg1 Rd4+ 44. Kc3 f4 45. Rg6 fxe3 46. Rxe6 exf2 47. Rf6 Rh4 48. Rxf2 Rh3+ 49. Kd2 Ka6 50. Ke1 Ka5 51. Kf1 Kb4 52. Kg2 Rd3 53. Rf6 Rd6 54. Rf4 c6 55. Kg3 Kc3 56. h4 b5 57. cxb5 cxb5 58. Rf5 Kd4 59. h5 b4 60. Rf4+ Ke5 0-1

[Event "ROM-chT div-A"]
[Site "Predeal"]
[Date "2006.11.06"]
[Round "3"]
[White "Bach, Adrian"]
[Black "Mateuta, Gabriel"]
[Result "0-1"]
[WhiteElo "2274"]
[BlackElo "2468"]
[PlyCount "50"]
[EventDate "2006.11.04"]
[EventType "team-tourn"]
[EventRounds "9"]
[EventCountry "ROU"]
[SourceTitle "EXT 2007"]
[Source "ChessBase"]
[SourceDate "2006.11.23"]
[SourceVersion "1"]
[SourceVersionDate "2006.11.23"]
[SourceQuality "1"]

1. c4 b6 2. e4 Bb7 3. Nc3 e6 4. Nf3 Bb4 5. Bd3 Ne7 6. a3 Bxc3 7. dxc3 d6 8. 0-0 Nd7 9. Bc2 0-0 10. Ng5 e5 11. f4 h6 12. Nh3 exf4 13. Nxf4 Ne5 14. Nh5 N7g6 15. g3 Bc8 16. Rf5 Ne7 17. Rf4 Be6 18. b3 Qd7 19. Rf5 Nxf5 20. exf5 Bxf5 21. Bxh6 Bg4 22. Bxg7 Bxd1 23. Rxd1 Qg4 24. Bxe5 Qxh5 25. Bf6 Rfe8 0-1

[Event "Timisoara Brinzeu Memorial"]
[Site "Timisoara"]
[Date "2006.03.23"]
[Round "6"]
[White "Bach, Adrian"]
[Black "Jianu, Vlad Cristian"]
[Result "0-1"]
[WhiteElo "2287"]
[BlackElo "2492"]
[PlyCount "92"]
[EventDate "2006.03.18"]
[EventType "swiss"]
[EventRounds "9"]
[EventCountry "ROU"]
[SourceTitle "CBM 111 Extra"]
[Source "ChessBase"]
[SourceDate "2006.05.09"]
[SourceVersion "1"]
[SourceVersionDate "2006.05.09"]
[SourceQuality "1"]

1. e4 c5 2. Nf3 g6 3. d4 cxd4 4. Nxd4 Nf6 5. Nc3 d6 6. Be3 Bg7 7. Be2 0-0 8. f4 Nc6 9. Nb3 Be6 10. g4 Rc8 11. f5 Bd7 12. g5 Ne8 13. Rf1 Ne5 14. Bd4 f6 15. Bxe5 fxe5 16. fxg6 hxg6 17. h4 Nc7 18. Qd2 Rxf1+ 19. Bxf1 Qf8 20. Bc4+ Ne6 21. Bxe6+ Bxe6 22. 0-0-0 Qf4 23. Qxf4 exf4 24. Nd5 Bxd5 25. exd5 f3 26. Rf1 Rf8 27. c3 Be5 28. Nd2 f2 29. Ne4 Rf4 30. Nxf2 Rf5 31. Kd1 Bg3 32. Ke2 Bxh4 33. Ne4 Rxd5 34. Rh1 Bxg5 35. Rg1 Bf4 36. Rxg6+ Kf7 37. Rg4 Bc1 38. b3 Rh5 39. Rg1 Bh6 40. Kd3 d5 41. Rf1+ Ke8 42. Nc5 b6 43. Ne6 Kd7 44. Nd4 e5 45. Ne2 Rh2 46. Re1 Bg5 0-1

[Event "ROM-chT"]
[Site "Tusnad"]
[Date "2004.05.09"]
[Round "9.4"]
[White "Tomescu, Vlad"]
[Black "Bach, Adrian"]
[Result "0-1"]
[WhiteElo "2419"]
[BlackElo "2264"]
[PlyCount "60"]
[EventDate "2004.05.05"]
[EventType "team-tourn"]
[EventRounds "9"]
[EventCountry "ROU"]
[SourceTitle "EXT 2008"]
[Source "ChessBase"]
[SourceDate "2007.11.25"]
[SourceVersion "1"]
[SourceVersionDate "2007.11.25"]
[SourceQuality "1"]

1. e4 c5 2. Nf3 d6 3. d4 cxd4 4. Qxd4 Nc6 5. Bb5 Qd7 6. Bxc6 Qxc6 7. Nc3 e5 8. Qd3 Be6 9. Be3 Nf6 10. Bg5 Bc4 11. Qe3 Ng4 12. Qd2 h6 13. Bh4 g5 14. Bg3 Nf6 15. 0-0-0 Be7 16. Rhe1 Rc8 17. Kb1 Qa6 18. h4 g4 19. Nh2 b5 20. b3 b4 21. Na4 Bb5 22. Nb2 Qc6 23. Qxb4 Qxc2+ 24. Ka1 Be2 25. Rb1 Nxe4 26. Qa4+ Kf8 27. Qxa7 Nd2 28. f3 Nxb1 29. Rxb1 gxf3 30. gxf3 Rg8 0-1